000 00874nam a22002057a 4500
003 OSt
005 20260128094537.0
008 230606b ||||| |||| 00| 0 eng d
040 _cSSBUL
041 _ashan
082 _223
_a294.3823521
100 0 _aသူၺ်ႇၵျွင်း(မိူင်းယၢင်း)၊
_cၶူးမေႃလိၵ်ႈလူင်၊ ၶိင်း။
_925319
245 1 0 _aပေႇတတႃႇၼ ၼထိတႃႇၼ /
_cၶူးမေႃလိၵ်ႈလူင် ၶိင်းသူၺ်ႇၵျွင်း(မိူင်းယၢင်း)။
260 _aမၼ်းတလေ၊း
_bၵမ်ႇပေႃးၸ၊
_c2016 ။
500 _a S-SAT: Dr. Prof Sai Aung Tun
650 _aပေႇတဝုတ်ႉထု၊ လင်ႇၵႃႇတႆး
_925320
942 _cBK
942 _2ddc
942 _2ddc
999 _c25337
_d25337